City shadows /

Bibliographic Details
Main Author: Searle, Robert Wyckoff, 1894-
Format: Book
Language:English
Published: New York : Friendship press, [1938]
Subjects:

MARC

Tag First Indicator Second Indicator Subfields
LEADER 00000cam a2200000 4500
001 in00000053494
005 20151008050302.0
008 780217s1938 nyua 00010 eng
010 |a  38016956  
035 |a (OCoLC)03647903 
035 |9 AAG0292AM 
040 |a DLC  |c KTS  |d TXA  |d UtOrBLW 
049 |a TXAM  |c [73200] 
050 0 0 |a HT155  |b .S4 
082 0 |a 323.352 
092 |a 323.352  |b S439c 
100 1 |a Searle, Robert Wyckoff,  |d 1894- 
245 1 0 |a City shadows /  |c by Robert W. Searle. 
264 1 |a New York :  |b Friendship press,  |c [1938] 
264 4 |c [©1938] 
300 |a viii pages, 1 leaf, 165 pages :  |b frontispiece ;  |c 20 cm. 
336 |a text  |b txt  |2 rdacontent 
337 |a unmediated  |b n  |2 rdamedia 
338 |a volume  |b nc  |2 rdacarrier 
500 |a "Real people and their stories"--Foreword. 
650 0 |a Social problems. 
650 0 |a City and town life. 
650 0 |a Christian sociology. 
999 |a MARS 
999 f f |s e550b268-2b92-3095-82e5-9487fca7ff1b  |i a600923c-4bf9-3edd-9e37-5781bbeed092  |t 0 
952 f f |p ric  |a Texas A&M University  |b Rellis Campus  |c Joint Library Facility  |d Remote Storage  |t 0  |e HT155 .S4  |h Library of Congress classification  |i unmediated -- volume  |m A14800665069 
998 f f |a HT155 .S4  |t 0  |l Remote Storage